Statistics for Grand Theft auto 5

Click here to take the quiz!

General Stats

  • This quiz has been taken 524 times
  • The average score is 9 of 15

Answer Stats

HintAnswer% Correct
crazy guyTrevor
98%
Has 2 children and a wifeMichael
96%
who clintonFranklin
91%
smart guyLester
79%
Franklin's boss at start of gameSimeon
72%
gun shopammu-nation
71%
Davis is his last nameLamar
68%
Where does trevor liveSandy shores
68%
In the question above how many men do you kill4
61%
A) is kill Michael C) is what?Deathwish
59%
What ciggerate company is In lesters assiantion missonRedwood
52%
fastet car in gameAdder
46%
In the question above how much is it to buy (in figures)1,000,000
40%
dearest carZ-type
20%
what emergency unmarked car is beside the satalite dishes in sandy shoreFIB
15%

Score Distribution

Percentile by Number Answered

Percent of People with Each Score

Your Score History

You have not taken this quiz